[Event "Steinfurt Bezirksliga 1819"]
[Site "Germany"]
[Date "2019.01.26"]
[Round "6.6"]
[White "Mueller, Johanna Franziska"]
[Black "Carstensen, Jens"]
[Result "1-0"]
[WhiteElo "1482"]
[BlackElo "1668"]
[PlyCount "53"]
[EventDate "2018.09.01"]
[EventType "team-tourn"]
[EventRounds "10"]
[EventCountry "GER"]
[SourceTitle "EXT 2020"]
[Source "ChessBase"]
[SourceDate "2019.10.17"]
[SourceVersion "1"]
[SourceVersionDate "2019.10.17"]
[SourceQuality "1"]
[WhiteTeam "Emsdetten Rochade IV"]
[BlackTeam "Neuenkirchen"]
[WhiteTeamCountry "GER"]
[BlackTeamCountry "GER"]

1. e4 c6 2. Nf3 d5 3. e5 Bg4 4. d4 e6 5. Be2 Nd7 6. 0-0 Qb6 7. b3 Ne7 8. h3 Bxf3 9. Bxf3 Nf5 10. c3 c5 11. Bb2 Be7 12. Bg4 Nh4 13. Nd2 0-0 14. f4 Rad8 15. g3 Nf5 16. Bxf5 exf5 17. Qh5 cxd4 18. cxd4 Bb4 19. Nf3 Qe6 20. Ng5 Qg6 21. Qxg6 hxg6 22. e6 f6 23. e7 Bxe7 24. Ne6 Rfe8 25. Nxd8 Bxd8 26. Rfe1 Be7 27. Rac1 1-0